[Event "FIDE Youth Super Final U10"]
[Site "Tornelo INT"]
[Date "2021.12.21"]
[Round "8"]
[White "Nguyen, Quang Minh"]
[Black "Dau, Khuong Duy"]
[Result "1/2-1/2"]
[WhiteElo "1423"]
[BlackElo "1754"]
[PlyCount "73"]
[EventDate "2021.12.18"]
[EventType "tourn (rapid)"]
[EventRounds "10"]
[EventCountry "NET"]
[SourceTitle "EXT 2023"]
[Source "ChessBase"]
[SourceDate "2022.10.05"]
[SourceVersion "1"]
[SourceVersionDate "2022.10.05"]
[SourceQuality "1"]

1. d4 Nf6 2. c4 g6 3. Nc3 Bg7 4. e4 d6 5. Be2 0-0 6. Bg5 c5 7. d5 h6 8. Be3 b5 9. cxb5 a6 10. Qd2 axb5 11. Bxb5 Qa5 12. f3 Kh7 13. Nge2 Nbd7 14. a4 Ne5 15. 0-0 Ba6 16. b3 Rfb8 17. f4 Neg4 18. h3 Bxb5 19. axb5 Qxa1 20. hxg4 Qa5 21. g5 Ng4 22. gxh6 Nxe3 23. Qxe3 Qxc3 24. Nxc3 Bd4 25. Qxd4 cxd4 26. Ne2 d3 27. Nd4 Rc8 28. Rd1 Rc3 29. Rd2 Ra3 30. Kf2 Raxb3 31. Nxb3 Rxb3 32. Ke3 Kxh6 33. Rxd3 Rxb5 34. Rc3 Kg7 35. Rc7 Rb3+ 36. Kd4 Rb4+ 37. Kd3 1/2-1/2

[Event "FIDE Youth Super Final U10"]
[Site "Tornelo INT"]
[Date "2021.12.19"]
[Round "3"]
[White "Erdogmus, Yagiz Kaan"]
[Black "Nguyen, Quang Minh"]
[Result "1-0"]
[WhiteElo "2276"]
[BlackElo "1423"]
[PlyCount "115"]
[EventDate "2021.12.18"]
[EventType "tourn (rapid)"]
[EventRounds "10"]
[EventCountry "NET"]
[SourceTitle "EXT 2023"]
[Source "ChessBase"]
[SourceDate "2022.10.05"]
[SourceVersion "1"]
[SourceVersionDate "2022.10.05"]
[SourceQuality "1"]

1. e4 e5 2. Nf3 Nc6 3. Bb5 a6 4. Ba4 Nf6 5. 0-0 b5 6. Bb3 Be7 7. Re1 d6 8. a4 Rb8 9. d3 0-0 10. Nbd2 h6 11. Nf1 Bg4 12. c3 Na5 13. Bc2 c5 14. Ne3 Nc6 15. Nxg4 Nxg4 16. Bb3 Qb6 17. h3 Nf6 18. Nh4 Qc7 19. Nf5 Nh7 20. Qg4 Bg5 21. h4 c4 22. dxc4 Na5 23. Bd1 h5 24. Qg3 Bf6 25. cxb5 axb5 26. Bh6 g6 27. Bxf8 Kxf8 28. Ne3 bxa4 29. Rxa4 Rxb2 30. Nd5 Qc5 31. Qe3 Bxh4 32. Qxc5 dxc5 33. Re2 Rb1 34. Rxa5 Rxd1+ 35. Kh2 c4 36. g3 Bg5 37. Rc5 Bc1 38. Rxc4 g5 39. Rc8+ Kg7 40. Ne7 g4 41. Nf5+ Kg6 42. Rg8+ Kf6 43. Rh8 Kg6 44. Ra2 Nf6 45. Ra6 Kg5 46. Nd6 Rd2 47. Nxf7+ Kg6 48. Rh6+ Kxf7 49. Rhxf6+ Kg7 50. Rf5 Rc2 51. Kg2 h4 52. gxh4 Bf4 53. h5 g3 54. Rg6+ Kh7 55. Rxg3 Bxg3 56. Kxg3 Rxc3+ 57. Kg4 Rc2 58. f3 1-0

[Event "VIE-ch U11"]
[Site "Ho Chi Minh City"]
[Date "2014.07.14"]
[Round "3"]
[White "Nguyen, Quang Minh"]
[Black "Truong, Le Quang Huy"]
[Result "1-0"]
[WhiteElo "1949"]
[BlackElo "1972"]
[PlyCount "71"]
[EventDate "2014.07.13"]
[EventType "swiss"]
[EventRounds "9"]
[EventCountry "VIE"]
[SourceTitle "EXT 2016"]
[Source "ChessBase"]
[SourceDate "2015.10.08"]
[SourceVersion "1"]
[SourceVersionDate "2015.10.08"]
[SourceQuality "1"]

1. e4 c5 2. Nf3 Nc6 3. d4 cxd4 4. Nxd4 e5 5. Nf3 Nf6 6. Nc3 Bb4 7. Bd3 d6 8. Bd2 Bg4 9. h3 Bh5 10. a3 Bc5 11. Be3 Nd4 12. Bxd4 Bxd4 13. Bb5+ Nd7 14. Qd3 Bxc3+ 15. Qxc3 0-0 16. Be2 Rc8 17. Qd2 Nf6 18. g4 Bg6 19. c3 Nxe4 20. Qe3 b6 21. 0-0-0 Qe7 22. Bd3 Nc5 23. Bxg6 fxg6 24. Nh2 Rf4 25. f3 Rcf8 26. Kb1 e4 27. fxe4 Rxe4 28. Qd2 Nb7 29. Rhe1 Re8 30. Qd5+ Kh8 31. Nf3 h6 32. Ka1 Nc5 33. b4 Na4 34. Nh4 Kh7 35. Nxg6 Kxg6 36. Qf5# 1-0

[Event "VIE-ch U11"]
[Site "Ho Chi Minh City"]
[Date "2014.07.13"]
[Round "1"]
[White "Bui, Nhat Quang"]
[Black "Nguyen, Quang Minh"]
[Result "1/2-1/2"]
[WhiteElo "1441"]
[BlackElo "1949"]
[PlyCount "53"]
[EventDate "2014.07.13"]
[EventType "swiss"]
[EventRounds "9"]
[EventCountry "VIE"]
[SourceTitle "EXT 2016"]
[Source "ChessBase"]
[SourceDate "2015.10.08"]
[SourceVersion "1"]
[SourceVersionDate "2015.10.08"]
[SourceQuality "1"]

1. e4 e5 2. Nf3 Nc6 3. Nc3 Nf6 4. Bb5 d6 5. d4 exd4 6. Nxd4 Bd7 7. 0-0 Be7 8. Nxc6 bxc6 9. Bc4 0-0 10. Qf3 Bg4 11. Qg3 Re8 12. Bg5 Qd7 13. h3 Bh5 14. Rfe1 Bg6 15. Bxf6 Bxf6 16. f3 Qe7 17. Re2 c5 18. Nd5 Qd8 19. Nxf6+ Qxf6 20. c3 Rab8 21. Rae1 Re5 22. Bd5 Rg5 23. Qf2 Re5 24. Bb3 h6 25. Bd5 Qf4 26. Bb3 Rbe8 27. Bd5 1/2-1/2